UM Logo

"We took pictures" : (Record no. 21226)

MARC details
000 -LEADER
fixed length control field 00984nam a22002177a 4500
005 - DATE AND TIME OF LATEST TRANSACTION
control field 20250827163139.0
008 - FIXED-LENGTH DATA ELEMENTS--GENERAL INFORMATION
fixed length control field 240903b ||||| |||| 00| 0 eng d
082 ## - DEWEY DECIMAL CLASSIFICATION NUMBER
Classification number DPer 796.07 J826 July-October 2019 January-April 2020 v. 38, 39 n. 3-4, 1-2
100 ## - MAIN ENTRY--PERSONAL NAME
Personal name Chroinin, Deirdre Ni.
Relator term author.
9 (RLIN) 59933
245 ## - TITLE STATEMENT
Title "We took pictures" :
Remainder of title children's meaning-making in physical education /
Statement of responsibility, etc. Deirdre Ni Chroinin, Maura Coulter, and Melissa Parker.
260 ## - PUBLICATION, DISTRIBUTION, ETC. (IMPRINT)
Place of publication, distribution, etc. Champaign, Illinois ;
Name of publisher, distributor, etc. Human Kinetics, Inc. ,
Date of publication, distribution, etc. April 2020.
300 ## - PHYSICAL DESCRIPTION
Extent Volume 39, pages 216-226 :
Other physical details illustration ;
Dimensions 28 cm.
500 ## - GENERAL NOTE
General note Journal of Teaching in Physical Education, vol. 39, no. 2, pages 216-226, April 2020.
650 #0 - SUBJECT ADDED ENTRY--TOPICAL TERM
Topical term or geographic name as entry element Children's attitudes.
9 (RLIN) 67107
650 #0 - SUBJECT ADDED ENTRY--TOPICAL TERM
Topical term or geographic name as entry element Constructivism (Learning).
9 (RLIN) 67108
650 #0 - SUBJECT ADDED ENTRY--TOPICAL TERM
Topical term or geographic name as entry element Photography.
9 (RLIN) 24879
700 ## - ADDED ENTRY--PERSONAL NAME
Personal name Chroinin, Deirdre Ni.
Relator term author.
9 (RLIN) 59933
700 ## - ADDED ENTRY--PERSONAL NAME
Personal name Coulter, Maura.
Relator term author.
9 (RLIN) 59934
700 ## - ADDED ENTRY--PERSONAL NAME
Personal name Parker, Melissa.
Relator term author.
9 (RLIN) 59935
942 ## - ADDED ENTRY ELEMENTS (KOHA)
Source of classification or shelving scheme Dewey Decimal Classification
Koha item type Periodicals
Holdings
Withdrawn status Lost status Source of classification or shelving scheme Damaged status Not for loan Collection code Home library Current library Date acquired Total Checkouts Full call number Date last seen Price effective from Koha item type Public note
    Dewey Decimal Classification     Periodicals UM Digos College - LIC UM Digos College - LIC 09/03/2024   DPer 796.07 J826 July-October 2019 January-April 2020 v. 38, 39 n. 3-4, 1-2 09/03/2024 09/03/2024 Periodicals Periodical Article